MESTSKÁ KNIŽNICA GIRALTOVCE  - online katalóg 

Možno si zatancujeme na druhom svete (Record no. 24170)

000 -NÁVESTIE
fixed length control field 01541cam a2200385 4500
001 - EVIDENČNÉ ČÍSLO ZÁZNAMU - Kontrolné číslo
control field vtls012230816
005 - DÁTUM A ČAS POSLEDNEJ TRANSAKCIE
control field 20260506091302.0
008 - ÚDAJE S PEVNOU DĹŽKOU – VŠEOBECNÉ INFORMÁCIE
fixed length control field 230530s2023 xo a e 000 j slo
020 ## - MEDZINÁRODNÉ ŠTANDARDNÉ ČÍSLO KNIHY (ISBN)
Medzinárodné štandardné číslo knihy (ISBN) 9788055188249
Qualifying information (viazané)
040 ## - ZDROJ KATALOGIZÁCIE
Pôvodná katalogizujúca agentúra SAVUK
Jazyk katalogizácie slo
Prepisujúca agentúra SAVUK
Modifikujúca agentúra SNK
Konvencie popisu rda
041 0# - KÓD JAZYKA
Kód jazyka textu/zvukovej stopy alebo samostatných nápisov slo
044 ## - KÓD KRAJINY VYDAVATEĽA/PRODUCENTA
Kód krajiny MARC xo
Kód krajiny ISO SK
072 #7 - KÓD PREDMETOVEJ KATEGÓRIE
Kód predmetovej kategórie 821.162.4-3
Pododdiel kódu predmetovej kategórie Slovenská próza
Zdroj konspekt
080 ## - ČÍSLO MEDZINÁRODNÉHO DESATINNÉHO TRIEDENIA (MDT)
Číslo Medzinárodného desatinného triedenia (MDT) 821.162.4-3
Identifikátor vydania 2011
080 ## - ČÍSLO MEDZINÁRODNÉHO DESATINNÉHO TRIEDENIA (MDT)
Číslo Medzinárodného desatinného triedenia (MDT) (082.21)
Identifikátor vydania 2011
100 1# - OSOBNÉ MENÁ – VŠEOBECNÉ INFORMÁCIE
Osobné meno Feldeková, Oľga,
Dátumy súvisiace s menom 1943-2025
Kód roly aut
-- 5503
245 10 - NÁZOV
Názov Možno si zatancujeme na druhom svete
Údaj o zodpovednosti atď. Oľga Feldeková ; zostavila a doslov napísala Anna Lara
250 ## - ÚDAJ O PORADÍ VYDANIA
Údaj o poradí vydania Prvé vydanie
264 #1 - VYDAVATEĽSKÉ ÚDAJE, DISTRIBÚCIA ATĎ. - RDA
Miesto publikovania, distribúcie atď. Bratislava
Názov vydavateľa, distibútora atď. Ikar
Dátum publikovania, distribúcie atď. 2023
300 ## - FYZICKÝ POPIS
Rozsah 295 strán
Ďalšie fyzické detaily ilustrácie
Rozmery 21 cm
336 ## - TYP OBSAHU
Typ obsahu - termín text
Typ obsahu - kód txt
Zdroj rdacontent
337 ## - TYP MÉDIA
Typ média - termín bez média
Typ média - kód n
Zdroj rdamedia
338 ## - TYP NOSIČA
Typ nosiča - termín zväzok
Typ nosiča - kód nc
Zdroj rdacarrier
500 ## - VŠEOBECNÁ POZNÁMKA
Formátovaná poznámka o obsahu V publikácii sú použité diela Márie Medveckej zo zbierok Liptovskej galérie Petra Michala Bohúňa v Liptovskom Mikuláši a Oravskej galérie v Dolnom Kubíne
500 ## - VŠEOBECNÁ POZNÁMKA
Formátovaná poznámka o obsahu Obálku s použitím portrétu štvorročnej Oľgy Feldekovej od Márie Medveckej navrhla Miroslava Repiská
655 #7 - INDEXAČNÝ TERMÍN – ŽÁNER/FORMA
Údaje o žánri/forme alebo termín, ktorý je prvok fazety slovenské prózy
Zdroj termínu SNKPH
-- 2179
655 #7 - INDEXAČNÝ TERMÍN – ŽÁNER/FORMA
Údaje o žánri/forme alebo termín, ktorý je prvok fazety Slovak prose
Zdroj termínu SNKPHeng
-- 2696
655 #7 - INDEXAČNÝ TERMÍN – ŽÁNER/FORMA
Údaje o žánri/forme alebo termín, ktorý je prvok fazety Selected works
Zdroj termínu SNKPHeng
-- 5504
655 #7 - INDEXAČNÝ TERMÍN – ŽÁNER/FORMA
Údaje o žánri/forme alebo termín, ktorý je prvok fazety výbery
Zdroj termínu SNKPH
-- 2003
700 1# - PRIDANÝ VSTUP – OSOBNÉ MENO
Osobné meno Feldeková, Anna,
Dátumy súvisiace s menom 1976-
Kód roly com
-- aft
-- pht
-- 5505
700 1# - PRIDANÝ VSTUP – OSOBNÉ MENO
Osobné meno Repiská, Miroslava,
Dátumy súvisiace s menom 1986-
Kód roly bjd
-- 5506
700 1# - PRIDANÝ VSTUP – OSOBNÉ MENO
Osobné meno Medvecká, Mária,
Dátumy súvisiace s menom 1914-1987
Kód roly ill
-- 5507
958 ## - Formálny deskriptor
Formálny deskriptor LX
Holdings
Stav stiahnutia (Blokovanie) (Withrawn status) Stav straty Zdroj klasifikácie pre skladovanie Stav poškodenia (Damaged status) Nie pre výpožičky (Not for loan) Spôsob nadobudnutia (Collection code) Trvalé umiestnenie Aktuálne umiestnenie Dátum nadobudnutia Náklady, bežná kúpna cena Inventárne číslo (prírastkové číslo) Full call number Čiarový kód Dátum posledného výskytu Cena s účinnosťou od Typ jednotky Koha
          Kúpa Mestská knižnica Giraltovce Mestská knižnica Giraltovce 2026-05-06 2.90 22537 B11053 B11053 2026-05-06 2026-05-06 Krásna literatúra pre dospelých

Powered by Koha